My big book of nursery rhymes (Record no. 550105)

000 -LEADER
fixed length control field 00331nam a22001217a 4500
082 ## - DEWEY DECIMAL CLASSIFICATION NUMBER
Classification number 398.8
Author Mark AND
-- L-NUST, P-43
100 ## - MAIN ENTRY--PERSONAL NAME
Personal name Prakash, Ved
9 (RLIN) 36427
245 ## - TITLE STATEMENT
Title My big book of nursery rhymes
260 ## - PUBLICATION, DISTRIBUTION, ETC.
Place of publication, distribution, etc. India
Name of publisher, distributor, etc. Dreamland publications
Date of publication, distribution, etc. 1992
300 ## - PHYSICAL DESCRIPTION
Extent p-48
Other physical details ill
526 ## - STUDY PROGRAM INFORMATION NOTE
Program name 0
Interest level 0
Reading level 0
Title point value 398_800000000000000_AND
942 ## - ADDED ENTRY ELEMENTS (KOHA)
Source of classification or shelving scheme
Koha item type Book
Holdings
Withdrawn status Lost status Source of classification or shelving scheme Damaged status Not for loan Permanent Location Current Location Date acquired Total Checkouts Full call number Barcode Date last seen Date last checked out Price effective from Koha item type
          Military College of Engineering (MCE) Military College of Engineering (MCE) 10/24/2014 1 398.8 AND MCE-44451 08/17/2018 06/05/2018 10/24/2014 Book
© 2023 Central Library, National University of Sciences and Technology. All Rights Reserved.